La flauta de chocolate / (Registro nro. 32684)
[ vista simple ]
| 000 -CABECERA | |
|---|---|
| Longitud fija campo de control | 00856nam a2200277 a 4500 |
| 003 - • IDENTIFICADOR DELl NÚMERO DE CONTROL | |
| Identificador del número de control | CO-ViMGA |
| 008 - • CÓDIGOS DE INFORMACIÓN DE LONGITUD FIJA | |
| Códigos de información de longitud fija | 141112s2004 ck r 000 u spa d |
| 020 ## - • NÚMERO INTERNACIONAL NORMALIZADO PARA LIBROS | |
| Número Internacional Normalizado para Libros (ISBN) | 9789583011702 |
| 040 ## - FUENTE DE LA CATALOGACIÓN | |
| Centro catalogador de origen | CO-ViMGA |
| Lengua de catalogación | spa |
| Centro transcriptor | CO-ViMGA |
| 041 ## - • CÓDIGO DE LENGUA | |
| Código de lengua del texto/banda sonora o título independiente | SPA |
| 100 1# - • PUNTO DE ACCESO PRINCIPAL-NOMBRE DE PERSONA | |
| Nombre de persona | Alonso, Dora, 1910 - 2001 |
| 245 10 - • TITULO PROPIAMENTE DICHO | |
| Título | La flauta de chocolate / |
| Mención de responsabilidad, etc. | Dora Alonso ; ilustraciones María Fernanda Mantilla |
| 250 ## - • MENCIÓN DE EDICIÓN | |
| Mención de edición | 1a ed., 1a reimpr. |
| 300 ## - • DESCRIPCIÓN FÍSICA | |
| Extensión | 64 p. : il. col. : il. |
| 490 ## - • MENCIÓN DE SERIE | |
| Mención de serie | Que pase el tren |
| 650 14 - • PUNTO DE ACCESO ADICIONAL DE MATERIA - TÉRMINO DE MATERIA | |
| Término de materia o nombre geográfico como elemento inicial | AUTORES CUBANOS |
| 650 14 - • PUNTO DE ACCESO ADICIONAL DE MATERIA - TÉRMINO DE MATERIA | |
| Término de materia o nombre geográfico como elemento inicial | DESDE LOS 3 AÑOS |
| 650 14 - • PUNTO DE ACCESO ADICIONAL DE MATERIA - TÉRMINO DE MATERIA | |
| Término de materia o nombre geográfico como elemento inicial | POESIA CUBANA - SIGLO XX |
| 650 14 - • PUNTO DE ACCESO ADICIONAL DE MATERIA - TÉRMINO DE MATERIA | |
| Término de materia o nombre geográfico como elemento inicial | POESIA INFANTIL CUBANA |
| 650 14 - • PUNTO DE ACCESO ADICIONAL DE MATERIA - TÉRMINO DE MATERIA | |
| Término de materia o nombre geográfico como elemento inicial | RIMAS INFANTILES |
| 700 1# - • PUNTO DE ACCESO ADICIONAL - NOMBRE DE PERSONA | |
| Nombre de persona | Mantilla Navarrete, María Fernanda |
| 942 ## - ENTRADA DE ELEMENTOS AGREGADOS (KOHA) | |
| Fuente de clasificaión o esquema | Dewey Decimal Classification |
| Koha [por defecto] tipo de item | LIbro |
| Perdido | Fuente de clasificación o esquema | Estado Físico | No para préstamo | Forma de adquisición | Localización permanente | Localización actual | Fecha adquisición | Serie de enumeración / cronolog&íacute;a | Préstamos totales | Signatura completa | Código de barras | Fecha última consulta | Número de copia | Fecha del precio de reemplazo | Tipo de item de Koha | Localización en estanterías | Note pública |
|---|---|---|---|---|---|---|---|---|---|---|---|---|---|---|---|---|---|
| Dewey Decimal Classification | Infantil | Biblioteca Pública Dorado | Biblioteca Pública Dorado | 10/27/2023 | P ALO4 | DOR03128 | 10/27/2023 | Ej.1 | 10/27/2023 | LIbro | Sala Infantil | ||||||
| Dewey Decimal Classification | Biblioteca Pública Fuentedeoro - Henry Llanos García | Biblioteca Pública Fuentedeoro - Henry Llanos García | 04/07/2025 | P ALO4 | Fo00002244 | 04/07/2025 | Ej.1 | 04/07/2025 | Libro Infantil | Sala Infantil | |||||||
| Dewey Decimal Classification | Infantil | Biblioteca Pública El Castillo - Alfonso Meneses | Biblioteca Pública El Castillo - Alfonso Meneses | 09/18/2023 | P ALO4 | EC01892 | 09/18/2023 | Ej.1 | 09/18/2023 | LIbro | Sala Infantil | ||||||
| Literatura General | Biblioteca Pública Departamental Eduardo Carranza - Villavicencio | Biblioteca Pública Departamental Eduardo Carranza - Villavicencio | 02/20/2013 | P ALO | ECA21905 | 11/26/2024 | Ej.1 | 11/26/2024 | LIbro | Literatura | 16281 | 21058 | ||||||
| Dewey Decimal Classification | Sala Infantil Segundo Piso | Biblioteca Pública Germán Arciniegas - Villavicencio | Biblioteca Pública Germán Arciniegas - Villavicencio | 12/04/2015 | 16/abr/2013 | P ALO4 | 25755 | 12/04/2015 | Ej. 1 | 12/04/2015 | LIbro | ||||||
| Dewey Decimal Classification | Infantil | Biblioteca Pública La Macarena | Biblioteca Pública La Macarena | 04/04/2024 | P ALO4 | LM001160 | 04/04/2024 | Ej.1 | 04/04/2024 | LIbro | Sala Infantil | ||||||
| Dewey Decimal Classification | Infantil | Biblioteca Pública Mesetas - Franco lodo Poloxi | Biblioteca Pública Mesetas - Franco lodo Poloxi | 08/08/2025 | P ALO4 | ME01759 | 05/19/2025 | Ej.1 | 05/19/2025 | LIbro | Sala Infantil | ||||||
| Dewey Decimal Classification | Infantil | Biblioteca Pública San Juanito - Ernesto Maria Peña Romero | Biblioteca Pública San Juanito - Ernesto Maria Peña Romero | 05/17/2024 | P ALO4 | SJU00828 | 05/17/2024 | Ej.1 | 05/17/2024 | LIbro | Sala Infantil | ||||||
| Dewey Decimal Classification | Infantil | Biblioteca Pública Uribe - Reinerio Arenas | Biblioteca Pública Uribe - Reinerio Arenas | 06/09/2025 | P ALO4 | URI02474 | 06/09/2025 | Ej.1 | 06/09/2025 | Libro Infantil | Sala Infantil |